000 02461nam a22003017a 4500
003 OSt
005 20210305160159.0
008 210305s1968 sp ||||gr|||| 00| 0 spa d
040 _aCO-JMCR
_cCO-JMCR
041 1 _aspa
_hfre
082 0 4 _a335.04 /
_bT113p
_223
100 1 _aTabeev, Fikriat,
_eautor
_914443
245 1 0 _aPlanificación del socialismo /
_cFikriat Tabeev, Evsei Liberman, Vassili Nemtchinov [y otros 20 ] ; versión castellana José Ma. Vidal Villa
250 _aPrimera edición
260 _aBarcelona :
_bOikos-Tau Ediciones,
_c1968
300 _a216 páginas ;
_c21 cm.
490 0 _aLibros de economía Oikos ;
_v14
500 _aIncluye notas a pie de página. Selección de artículos monográficos de Recherches internationales , no. 47 con el título : Planification, debats et problémes du socialisme.
505 0 _aGestión y planificación social de la producción en la U.R.S.S. -- Para una gestión flexible -- Plan y métodos económicos de dirección -- Una vez más a propósito del plan, del beneficio y de las primas -- El estímulo económico de las empresas -- Cómo resolver nuestros problemas económicos
520 3 _aLa economía de los países socialistas se ha encontrado con dos grandes problemas, difíciles de vencer: aumentar el número de productos y mejorar su calidad. Unos obstáculos que han impedido crear las bases de una sociedad comunista, así como afrontar la competencia económica con el mundo capitalista. La necesidad de crear una salida ha provocado una serie de reformas que han hecho preguntar: ¿qué pasa en el socialismo? ¿a dónde va el socialismo?. Las reformas en curso intentan, fundamentalmente , una mayor autonomía de la empresa, que dependerá tanto del beneficio que obtenga, como del cumplimiento del plan. Una autonomía que se vislumbra irá acompañada de una mayor democracia en el interior de la empresa. Este nuevo funcionamiento no tiene, desde un punto de vista doctrinal, gran novedad, ya que se ajusta en sus líneas generales al tipo de economía que habían propugnado los socialistas de habla alemana en el primer tercio del siglo.
546 _aTraducción del francés.
650 1 4 _aEconomía
_vensayos, conferencias, etc.
_914444
650 2 4 _aTeoría económica
_914449
700 1 _aLiberman, Evsei,
_eautor
_914446
700 1 _aNemtchinov, Vassili,
_eautor
_914447
700 1 _aVidal Villa, José María,
_etraductor
_914448
942 _2ddc
_cBK
999 _c7465
_d7465